LEADER 01029nam a2200253 a 4500 001 000000169017 003 CaOOAMICUS 005 20180910094716.0 008 180910s1950 it 000 u ita r 032 $aLibriCat 040 $aPul$bita 245 00$aAntologia della poesia italiana :$b(1909-1949) / $ca cura di Giacinto Spagnoletti . 260 $aParma :$bGuanda,$cİ1950. 300 $a418 p. ; $c24 cm. 490 1 $aFenice. Edizione fuori serie ;$v14 650 4$aPoesia italiana.$0(OLS)http://pul/subject/7339 700 1 $aSpagnoletti, Giacinto.$0(OLS)http://pul/name/87433 830 0$aFenice. $pEdizione fuori serie ;$v14.$0(OLS)http://pul/title/209560 850 $aPUL 852 $aPUL$W1$xDP1 Fondo Dalla Palma$y117$m9 B 97$j177731$qFondi$B196978$CPULBib$Z2$F196978 $HDal1014 $81 941 1 $a1 996 $6245$aAntologia della poesia italiana :$b(1909-1949) / $9(OLS)http://pul/title/209559 996 $6260$aParma :$bGuanda$9(OLS)http://pul/publisher/49323 LEADER 01349nam a2200337 a 4500 001 000000175146 003 CaOOAMICUS 005 20220426112222.0 008 220426t2002 enk u000 u eng r 020 $a0-521-01624-X* 032 $aLibriCat 040 $aPUL$bita 082 04$a401 100 1 $aChomsky, Noam,$d1928-$0(OLS)http://pul/name/38576 245 10$aOn nature and language /$cNoam Chomsky ; edited by Adriana Belletti and Luigi Rizzi. 260 $aCambridge :$bCambridge University Press,$cİ2002. 300 $aX, 206 p.;$b$c20 cm 500 $aInclude indice. 504 $aInclude riferimenti bibliografici. 650 4$aFilosofia del linguaggio.$0(OLS)http://pul/subject/8316 850 $aPUL 852 $aPUL$W1$xSL Cons. Gen., Altre Classi 3$y75$m401 CHONO 2$j199403$bRistampa 2003$qDDC 21$B204113$CPULBib$Z2$F204113 $H135591 $82 941 1 $a9 960 $aLinguaggio$xFilosofia$98316 960 $aLinguaggio e filosofia$98316 960 $aLinguaggio e pensiero$98316 996 $6020$a0-521-01624-X*$9(OLS)http://pul/number/168585 996 $6082$a401$9(OLS)http://pul/classification/494 996 $6245$aOn nature and language$9(OLS)http://pul/title/216560 996 $6260$aCambridge :$bCambridge University Press$9(OLS)http://pul/publisher/50125